000 00259nam a2200097Ia 4500
001 1206876
005 20251013111209.0
008 250824s9999 xx 000 0 und d
245 0 _aDERT ETME ALLAH BİLİYOR
_cBİLAL CİVELEK
260 _bYEDİVEREN YAYINLARI
999 _c1206876
_d1206876